Kanye West Songs A-Z - Statistics

General Stats
  • This quiz has been taken 145 times
    30 since last reset
  • The average score is 18 of 25
Answer Stats
Hint Answer % Correct
F Facts/Fade/Family Business/Famous/Father stretch myhands/Feedback/Feel the love/Fire/Flashing Lights/FML /Follow God/Forever/Franks Track/Freeee/Freestyle 4/ Fried/Fuk Sumn/First time in a long time/fourfiveseconds/father
100%
G Get Em High/Ghost Town/God Is/God Level/Gold Digger/Gone/Good Life/Good Morning/Good Night/Gorgeous/ Guilt Trip/Get Lost
100%
A All Falls Down/Alive/All Mine/All of the lights/All the love/Amazing/American boy
95%
H HAM/Hands On/Happy/Heard em say/Heartless/Hell of aLife/Hey Mama/Highlights/Highs and lows/Hold my Liquor /Homecoming/Hoodrat/Hot Shit/Hurricane/Husband/Happy/hot shit
95%
B Bad News/Beauty and the beast/Burn Everything/blazin/Beg Forgiveness/Believe what I say/Big brother/Black Skinhead /Blame Game/Blood on the leaves/Bound 2/Breathe in breathe out/Broken road/Bully/bittersweet poetry
89%
R Real Friends/Reborn/Remote Control/River/RoboCop/Roses/Run This Town/Runaway
89%
C Can U Be/Cant tell me nothing/Carnival/Champion/classic/Christmas in Harlem/Circles/City of Chi/City of Gods/Clique /Cold/Closed on Sunday/Coldest winter/Come to life/ Cousins/Crack Music/Cudi montage/celebration/chain heavy
84%
D Damn/Dark Fantasy/Dead/Devil in a new dress/Donda/Donda chant/Diamonds from Sierra Leone/Drive Slow/ Drunk and Hot girls/drunk in love
84%
S Saint Pablo/Say You Will/School Spirit/Security/See Me Now/See you in my nightmares/Selah/Send it up/Silver Surfer Intermission/Sky City/Slide/Slow Jamz/So Appalled/Stars/ Street Lights/Stronger/Suzy/Scifi/smuckers/sisters and brothers/ spaceship
84%
T Talking/Tell the vision/Thats my bitch/This One Here/Throughthe Wire/Time moving slow/Touch the sky/True Love/Two words/Too easy/Timmy turner/this a must
84%
W We Did It/Wash Us In the Blood/Watch/Water/Waves/We don'tcare/We Major/Welcome to heartbreak/White Lines/Why I Love You/Wolves/Workout Plan/Wouldnt leave/ww3/whatever works/ wake up Mr west
84%
I I am a god/I Love It/I Love Kanye/I Thought About KillingYou/I Wonder/Im In It/Impossible/Isabella/I cant wait/I don't like/ I won
79%
J Jail/Jesse/Jesus Is Lord/Jesus Lord/Jesus Walks/Jonah/Jukebox Joints/Junya
74%
M Made in America/Maybe/Melrose/Mercy/Mixed Personalities/Monster/Moon/Mr Miyagi/My Soul/Maintenance/Mission control /mama/mama's favorite
68%
N Never let me down/New Again/New God Flow/New Slaves/New Workout Plan/Niggas in Paris/No Child Left Behind/No Church in the wild/No Mistakes/No More Parties in LA/Never abandon your family
68%
P Pablo/Paid/Paperwork/Paranoid/Power/Praise God/PreacherMan/Problematic/Promotion/Pure Souls/Pinocchio story/punch drunk
63%
V Violent Crimes/Vultures
63%
L Last Breath/Last Name/Life of the party/Lifestyle/Lift Off/Lift Yourself/Lil Jimmy Skit/Lord I Need You/Lord Lift Me Up /Losing your mind/Lost in the world/Love Lockdown/Low Lights/Louie Bags
58%
E Eazy/Every hour/Everything I Am/Everything We Need/ET/Ego
53%
U Ultralight Beam/Unlock/Up From the Ashes/Use This Gospel
53%
# 24/30 hours/4th dimension/530
42%
O Off the Grid/Ok Ok/On God/On Sight/One Minute/Only One/outside
42%
K Keys to my life/Kids see ghosts/King/Kinda Like a Big Deal/Keep the flowers
37%
X XTCY
37%
Y Yikes
32%
No matching quizzes found
Score Distribution
Percent of People with Each Score
Percentile by Number Answered
Your Score History
You have not taken this quiz since the last reset